000 00963nam a22002417a 4500
999 _c12604
_d12604
003 AR-CdUCM
008 190409b ||||| |||| 00| 0 spa d
040 _aMUNICIPALIDAD PROVINCIAL DEL CUSCO
_cBIBLIOTECA MUNICIPAL DEL CUSCO
082 _aC / 985.613 /
_bZ42
100 _aZecenarro Madueño, Germán
_930525
245 _aHistoria de Saylla /
260 _aCusco :
_bMunicipalidad Distrital de Saylla,
_c2011.
300 _a289 páginas ;
_bMapas, ilustraciones, fotografías,
_c23 cm.
500 _aMunicipalidad Distrital de Saylla.
505 _aContenido: La base geográfica del distrito de Saylla -- La población -- Orígenes de Saylla -- Proceso histórico de Saylla -- El periodo republicano de Saylla ...
650 _aSaylla, Cusco
_930526
650 _aPerú
_935
650 _aCondiciones económicas.
_930527
650 _aHistoria.
_9136
650 _aCondiciones económicas.
_930527
942 _2ddc
_cLIBROS
945 _acmm
_d2019-04-09